000 00966nam a22002657a 4500
005 20240530110610.0
008 161115s2014 ua a g b 000 0 ara d
017 _a2014/11589
_bمصر. دار الكتب
020 _a9789776456259
040 _aEG-CaGPL
_cEG-CaGPL
082 0 4 _221
_a020/
_bأ خ
100 0 _aامجد الجوهرى
245 1 0 _aخدمات المعلومات فى البيئة الرقمية /
_cامجد الجوهرى ، متولى النقيب
250 _aط .1
260 _c2014 .
300 _a197 ص. :
_bايض ؛
_c24 سم .
504 _aيشتمل على ارجاعات بيليوجرافية
650 0 7 _2qrmak
_aالمعلومات
_xعلم
650 0 7 _2qrmak
_aاختران واسترجاع المعلومات
650 0 7 _2qrmak
_aنظرية المعلومات
650 0 7 _2qrmak
_aالحاسبات الالكترونية
651 _2qrmak
942 _2ddc
_cBK
999 _c62838
_d62838